[Event "Landsturneringen 2009, Elite"]
[Site "Bergen"]
[Date "2009.07.11"]
[Round "8"]
[White "Thomassen, Joachim"]
[Black "Østenstad, Berge"]
[Result "1/2-1/2"]
[WhiteElo "2307"]
[BlackElo "2476"]
[PlyCount "214"]
[EventDate "2009.07.??"]
[EventType "swiss"]
[EventRounds "9"]
[EventCountry "NOR"]

1. d4 Nf6 2. c4 c5 3. d5 e5 4. Nc3 d6 5. e4 Nbd7 6. g3 g6 7. Bg2 a6 8. a4 Bg7
9. Nge2 O-O 10. O-O Nh5 11. Qd3 f5 12. f4 exf4 13. Nxf4 Bd4+ 14. Kh1 Ne5 15.
Qe2 fxe4 16. Nxe4 Bg4 17. Qc2 Qd7 18. Nxh5 Bxh5 19. Nf6+ Rxf6 20. Rxf6 Nxc4 21.
Rf1 Re8 22. Bh6 Ne5 23. Rae1 Bg4 24. Bd2 b5 25. axb5 axb5 26. Bc3 b4 27. Bxd4
cxd4 28. Qd2 d3 29. Rf4 Be2 30. Rxe2 dxe2 31. Qxe2 b3 32. Rb4 Rc8 33. Rxb3 Rc1+
34. Bf1 Qf7 35. Kg1 Qxd5 36. Qe3 Rc8 37. Rc3 Rf8 38. Be2 Qa2 39. Qd2 Qa7+ 40.
Kh1 Qb7+ 41. Kg1 Qb6+ 42. Re3 Kg7 43. Qc3 Rb8 44. b3 Rc8 45. Qd2 Ra8 46. Kg2
Ra1 47. Qc3 Ra2 48. Kh3 Kh6 49. Re4 g5 50. Qe3 Qxe3 51. Rxe3 Rb2 52. g4 Kg7 53.
Kg3 Kf6 54. Bc4 Rd2 55. Bg8 h6 56. Rc3 d5 57. Bh7 Rb2 58. Bf5 d4 59. Rc8 Rxb3+
60. Kf2 h5 61. Rf8+ Ke7 62. Rg8 hxg4 63. Be4 Re3 64. Bd5 Nd3+ 65. Kf1 Re1+ 66.
Kg2 Nf4+ 67. Kf2 Re2+ 68. Kf1 Re5 69. Bb3 d3 70. Rg7+ Kd6 71. Ba4 Nd5 72. Rg8
d2 73. Bb3 Kc5 74. Kf2 Kd4 75. Bd1 Ne3 76. Ke2 Nc4+ 77. Kf2 Re4 78. Rxg5 Ne5
79. Rg8 Re1 80. Rd8+ Kc3 81. Ba4 Nd3+ 82. Kg3 Rg1+ 83. Kh4 Ra1 84. Rc8+ Kd4 85.
Bc2 Ne1 86. Bb3 Rb1 87. Ba4 Rb4 88. Bd1 Ke3 89. Re8+ Kf2 90. Re2+ Kf1 91. Rxd2
Ng2+ 92. Kg3 Ke1 93. Rxg2 Kxd1 94. Kh4 Rb8 95. Rxg4 Ke2 96. Kg3 Ke3 97. Rg7 Rh8
98. Re7+ Kd4 99. h4 Kd5 100. Rg7 Ke6 101. Rg5 Kf6 102. Kg4 Rc8 103. Rf5+ Kg6
104. Rf4 Rc5 105. Rd4 Rb5 106. h5+ Kh6 107. Rd6+ Kh7 1/2-1/2

[Event "Landsturneringen 2009, Elite"]
[Site "Bergen"]
[Date "2009.07.11"]
[Round "8"]
[White "Hammer, Jon Ludvig"]
[Black "Lie, Espen"]
[Result "1/2-1/2"]
[WhiteElo "2582"]
[BlackElo "2469"]
[PlyCount "95"]
[EventDate "2009.07.??"]
[EventType "swiss"]
[EventRounds "9"]
[EventCountry "NOR"]

1. e4 e5 2. Nf3 Nc6 3. Bb5 a6 4. Bxc6 dxc6 5. O-O f6 6. d4 exd4 7. Nxd4 c5 8.
Nb3 Qxd1 9. Rxd1 Bg4 10. f3 Bd7 11. Bf4 O-O-O 12. Nc3 Be6 13. Rxd8+ Kxd8 14.
Rd1+ Kc8 15. Nd5 Bxd5 16. Rxd5 b6 17. c4 Ne7 18. Rd2 h5 19. h3 Nc6 20. Kf2 g5
21. Bg3 b5 22. Rd1 Be7 23. Ke2 bxc4 24. Nd2 Nd4+ 25. Kf2 h4 26. Bh2 Bd6 27. Bg1
Bf4 28. Nxc4 f5 29. e5 Nc6 30. Kf1 Nxe5 31. Nxe5 Bxe5 32. Rd5 Re8 33. Rxc5 Bxb2
34. Bh2 Re7 35. Rxf5 Bc1 36. f4 Bxf4 37. Bxf4 gxf4 38. Rxf4 Rh7 39. Rb4 Rh5 40.
Ke2 a5 41. Rd4 Kb7 42. Kd3 Kc6 43. Kc4 Rb5 44. Kc3 Rg5 45. Rxh4 Rxg2 46. a4
Rg3+ 47. Kc4 Kb6 48. Kd5 1/2-1/2

[Event "Landsturneringen 2009, Elite"]
[Site "Bergen"]
[Date "2009.07.11"]
[Round "8"]
[White "Stokke, Kjetil"]
[Black "Hole, Øystein"]
[Result "0-1"]
[WhiteElo "2323"]
[BlackElo "2374"]
[PlyCount "78"]
[EventDate "2009.07.??"]
[EventType "swiss"]
[EventRounds "9"]
[EventCountry "NOR"]

1. d4 d5 2. c4 c6 3. Nf3 Nf6 4. Nc3 dxc4 5. a4 Bf5 6. Ne5 Nbd7 7. Nxc4 Qc7 8.
g3 e5 9. dxe5 Nxe5 10. Bf4 Nfd7 11. Bg2 g5 12. Ne3 gxf4 13. Nxf5 O-O-O 14. Qc2
fxg3 15. hxg3 h5 16. O-O h4 17. Nxh4 Rxh4 18. gxh4 Ng4 19. Rfe1 Bc5 20. e3 Rg8
21. Qe4 f5 22. Qf3 Qh2+ 23. Kf1 Qxh4 24. Ke2 Nh2 25. Qh3 Qc4+ 26. Kd2 Qb3 27.
Kc1 Ng4 28. Bf1 Bb4 29. Re2 Bxc3 30. bxc3 Nxf2 31. Rxf2 Qxc3+ 32. Rc2 Qxa1+ 33.
Kd2 Qe5 34. Bd3 Rg3 35. Qxf5 Qxe3+ 36. Kc3 Qe5+ 37. Kc4 Kc7 38. Rc3 Nb6+ 39.
Kb3 Qxf5 0-1

[Event "Landsturneringen 2009, Elite"]
[Site "Bergen"]
[Date "2009.07.11"]
[Round "8"]
[White "Gullaksen, Eirik"]
[Black "Moen, Andreas G.R"]
[Result "1/2-1/2"]
[WhiteElo "2382"]
[BlackElo "2297"]
[PlyCount "46"]
[EventDate "2009.07.??"]
[EventType "swiss"]
[EventRounds "9"]
[EventCountry "NOR"]

1. e4 e5 2. Nf3 Nf6 3. Nxe5 d6 4. Nf3 Nxe4 5. Bd3 Nf6 6. h3 Be7 7. O-O O-O 8.
c3 Nc6 9. Bc2 Be6 10. d4 Qd7 11. Re1 Rfe8 12. Bg5 Bf5 13. Ba4 Nd5 14. Bb3 Bxg5
15. Rxe8+ Rxe8 16. Nxg5 Qe7 17. Nf3 Nf4 18. Qd2 Nd3 19. Bc2 Qe2 20. Nh4 Qe1+
21. Kh2 Be4 22. Bxd3 Qxd2 23. Nxd2 Bxd3 1/2-1/2

[Event "Landsturneringen 2009, Elite"]
[Site "Bergen"]
[Date "2009.07.11"]
[Round "8"]
[White "Løvik, Lasse Østebø"]
[Black "Johannessen, Leif E"]
[Result "1-0"]
[WhiteElo "2349"]
[BlackElo "2538"]
[PlyCount "101"]
[EventDate "2009.07.??"]
[EventType "swiss"]
[EventRounds "9"]
[EventCountry "NOR"]

1. e4 e5 2. Nf3 Nc6 3. Bb5 a6 4. Ba4 Nf6 5. O-O Be7 6. Re1 b5 7. Bb3 d6 8. c3
O-O 9. d4 Bg4 10. Be3 exd4 11. cxd4 d5 12. e5 Ne4 13. Nc3 Nxc3 14. bxc3 Qd7 15.
Bc2 Bh5 16. Qe2 Na5 17. Bf4 Qe6 18. Bd3 Nc4 19. Rab1 c6 20. h3 a5 21. g4 Bg6
22. Nd2 b4 23. Rbc1 bxc3 24. Rxc3 Bb4 25. Rcc1 Bxd3 26. Qxd3 f5 27. g5 Bxd2 28.
Bxd2 f4 29. Kh2 Rf5 30. Rg1 Raf8 31. Bc3 Qg6 32. Rb1 Qh5 33. Rb8 Rxg5 34. Rxf8+
Kxf8 35. Bxa5 Rxg1 36. Bb4+ Kf7 37. Kxg1 Ke6 38. Kg2 Qg5+ 39. Kh2 Qh5 40. Qf1
Qf5 41. Qg2 g5 42. Qg4 Nb2 43. Qh5 Kd7 44. Bd6 Nd3 45. Qh6 Qf7 46. Bc5 Nxc5 47.
Qd6+ Kc8 48. Qxc6+ Kb8 49. dxc5 f3 50. Qd6+ Ka8 51. e6 1-0

[Event "Landsturneringen 2009, Elite"]
[Site "Bergen"]
[Date "2009.07.11"]
[Round "8"]
[White "Djurhuus, Rune"]
[Black "Østmoe, Geir Sune Tallaksen"]
[Result "1/2-1/2"]
[WhiteElo "2440"]
[BlackElo "2383"]
[PlyCount "163"]
[EventDate "2009.07.??"]
[EventType "swiss"]
[EventRounds "9"]
[EventCountry "NOR"]

1. d4 Nf6 2. c4 e6 3. Nf3 b6 4. a3 Bb7 5. Nc3 d5 6. cxd5 Nxd5 7. Qc2 Nxc3 8.
bxc3 Be7 9. e4 O-O 10. Bd3 c5 11. O-O Qc8 12. Qe2 Ba6 13. Rd1 Bxd3 14. Rxd3 Nd7
15. e5 Qc6 16. Bg5 Rfe8 17. h4 Rac8 18. Rad1 cxd4 19. cxd4 Qd5 20. Bxe7 Rxe7
21. Ng5 f6 22. exf6 Nxf6 23. Re3 Rc6 24. Re5 Qd6 25. g3 h6 26. d5 Nxd5 27.
Rdxd5 exd5 28. Rxe7 hxg5 29. hxg5 Rc1+ 30. Kg2 Qg6 31. Re6 Rc2 32. Qe3 Qf5 33.
Re7 Rc6 34. Rxa7 Rg6 35. Rb7 Qxg5 36. Qxg5 Rxg5 37. Rxb6 d4 38. Rb3 Kf7 39. Kf3
Ra5 40. Ke4 Ra4 41. Kd5 Kf6 42. f3 Kf5 43. Rd3 Kf6 44. g4 g5 45. Rb3 Kf7 46.
Ke5 Kg6 47. Rd3 Kf7 48. Kf5 Ra5+ 49. Ke4 Ra4 50. Ke5 Kg6 51. Ke6 Kg7 52. Kf5
Ra5+ 53. Ke4 Ra4 54. f4 gxf4 55. Kxf4 Kf6 56. Ke4 Kg5 57. Kd5 Kf6 58. Rb3 d3
59. Rxd3 Rxg4 60. Re3 Ra4 61. Kc5 Ra8 62. Kb4 Rb8+ 63. Kc3 Ra8 64. Kb3 Rb8+ 65.
Ka2 Ra8 66. Re4 Kf5 67. Re7 Kf6 68. Re4 Kf5 69. Re7 Kf6 70. Rb7 Ke6 71. Kb3 Kd6
72. a4 Kc6 73. Rb5 Ra7 74. Kb4 Rb7 75. Rxb7 Kxb7 76. Kb5 Ka7 77. a5 Kb7 78. a6+
Ka7 79. Ka5 Ka8 80. Kb6 Kb8 81. a7+ Ka8 82. Ka6 1/2-1/2

[Event "Landsturneringen 2009, Elite"]
[Site "Bergen"]
[Date "2009.07.11"]
[Round "8"]
[White "Gabrielsen, Stig"]
[Black "Grønn, Atle"]
[Result "0-1"]
[WhiteElo "2298"]
[BlackElo "2415"]
[PlyCount "52"]
[EventDate "2009.07.??"]
[EventType "swiss"]
[EventRounds "9"]
[EventCountry "NOR"]

1. e4 d6 2. d4 g6 3. Nf3 Bg7 4. h3 c5 5. c3 Qa5 6. Na3 Nd7 7. Bc4 cxd4 8. b4
Qb6 9. Qb3 d5 10. Bxd5 e6 11. Bf4 exd5 12. exd5 d3 13. O-O Qf6 14. Rae1+ Kf8
15. Qc4 Bh6 16. Bh2 Ne7 17. Nb5 Kg7 18. Nc7 Rb8 19. d6 Nf5 20. Nd5 Qd8 21. Re7
b5 22. Qe4 Bb7 23. Be5+ Kf8 24. Bxh8 Nxd6 25. Qh4 Bxd5 26. Rfe1 Nf5 0-1

[Event "Landsturneringen 2009, Elite"]
[Site "Bergen"]
[Date "2009.07.11"]
[Round "8"]
[White "Bae, Torstein"]
[Black "Gabrielsen, Trond"]
[Result "1-0"]
[WhiteElo "2402"]
[BlackElo "2300"]
[PlyCount "67"]
[EventDate "2009.07.??"]
[EventType "swiss"]
[EventRounds "9"]
[EventCountry "NOR"]

1. e4 c6 2. d4 d5 3. e5 c5 4. dxc5 e6 5. a3 Qc7 6. Nf3 Nd7 7. b4 a5 8. c3 Ne7
9. Bb5 Ng6 10. Be3 axb4 11. cxb4 Ngxe5 12. O-O Nc6 13. Bg5 Nf6 14. Nc3 Be7 15.
Na4 O-O 16. Nb6 Ra7 17. Re1 Ne4 18. Bxe7 Qxe7 19. Bd3 f5 20. Bb5 Qf6 21. Bxc6
bxc6 22. Qd4 Qh6 23. Ne5 Rc7 24. f3 Nf6 25. a4 Ba6 26. Nxc6 Rxc6 27. b5 Rc7 28.
bxa6 Re8 29. a5 g5 30. Qe5 Qg7 31. c6 g4 32. Nd7 gxf3 33. Nxf6+ Kf8 34. Ra2 1-0

[Event "Landsturneringen 2009, Elite"]
[Site "Bergen"]
[Date "2009.07.12"]
[Round "9"]
[White "Østenstad, Berge"]
[Black "Lie, Kjetil A"]
[Result "1/2-1/2"]
[WhiteElo "2476"]
[BlackElo "2527"]
[PlyCount "38"]
[EventDate "2009.07.??"]
[EventType "swiss"]
[EventRounds "9"]
[EventCountry "NOR"]

1. Nf3 c5 2. c4 Nc6 3. Nc3 e5 4. g3 g6 5. Bg2 Bg7 6. d3 Nge7 7. a3 d6 8. Rb1 a5
9. O-O O-O 10. Be3 Rb8 11. Ne1 Be6 12. Nc2 Qd7 13. b4 axb4 14. axb4 b6 15. Bg5
f6 16. Bd2 Bh3 17. Bxh3 Qxh3 18. Ne4 Qd7 19. Nc3 h6 1/2-1/2

[Event "Landsturneringen 2009, Elite"]
[Site "Bergen"]
[Date "2009.07.12"]
[Round "9"]
[White "Elsness, Frode"]
[Black "Løvik, Lasse Østebø"]
[Result "1/2-1/2"]
[WhiteElo "2438"]
[BlackElo "2349"]
[PlyCount "109"]
[EventDate "2009.07.??"]
[EventType "swiss"]
[EventRounds "9"]
[EventCountry "NOR"]

1. d4 d5 2. c4 e6 3. Nc3 Nf6 4. cxd5 exd5 5. Bg5 c6 6. e3 Be7 7. Qc2 O-O 8. Bd3
Nbd7 9. Nge2 Re8 10. O-O h6 11. Bf4 Nf8 12. f3 Be6 13. Rad1 Nh5 14. Be5 Bg5 15.
Qd2 f6 16. Bg3 Nxg3 17. Nxg3 Bh4 18. Nf5 Bxf5 19. Bxf5 g6 20. Bc2 f5 21. e4
dxe4 22. fxe4 Bg5 23. Qf2 Ne6 24. exf5 Ng7 25. Kh1 gxf5 26. Bxf5 Rf8 27. Qc2
Nxf5 28. Rxf5 Qd7 29. Rxf8+ Rxf8 30. h3 Qe6 31. Ne4 Rf4 32. Nxg5 hxg5 33. Qb3
Qxb3 34. axb3 Rf5 35. Rc1 Kf7 36. Kg1 Kg6 37. Rc5 Rf4 38. Rc4 Rf5 39. b4 Rf4
40. g3 Rf3 41. Rc3 Rf5 42. Kg2 Rf6 43. b5 cxb5 44. Rd3 a5 45. d5 Rd6 46. Kf3
Kf5 47. h4 gxh4 48. gxh4 b4 49. h5 a4 50. Ke3 Ke5 51. Kd2 a3 52. bxa3 bxa3 53.
Kc2 Rb6 54. Rxa3 Kxd5 55. Rb3 1/2-1/2

[Event "Landsturneringen 2009, Elite"]
[Site "Bergen"]
[Date "2009.07.12"]
[Round "9"]
[White "Agdestein, Simen"]
[Black "Forså, Espen"]
[Result "1/2-1/2"]
[WhiteElo "2542"]
[BlackElo "2285"]
[PlyCount "83"]
[EventDate "2009.07.??"]
[EventType "swiss"]
[EventRounds "9"]
[EventCountry "NOR"]

1. c4 Nf6 2. Nc3 e5 3. Nf3 Nc6 4. e3 d5 5. cxd5 Nxd5 6. Bb5 Nxc3 7. bxc3 Bd6 8.
d4 exd4 9. cxd4 Bd7 10. O-O O-O 11. e4 a6 12. Bd3 Bg4 13. Bb2 Bh5 14. e5 Be7
15. d5 Nb4 16. Bc4 b5 17. Bb3 Bg6 18. Qd2 a5 19. a4 bxa4 20. Rxa4 Be4 21. Rd1
Kh8 22. Qe2 Bg6 23. Qc4 Qb8 24. e6 f6 25. Nh4 Bh5 26. Rd2 Bd6 27. h3 Be8 28.
Ra1 a4 29. Bd1 Qb5 30. Qg4 Nxd5 31. Nf5 Bg6 32. Nxd6 cxd6 33. Bf3 a3 34. Rxa3
Rxa3 35. Bxa3 Ne7 36. Bxd6 Re8 37. Re2 Nf5 38. Bb4 Qb6 39. e7 Nd4 40. Rd2 Qxb4
41. Rxd4 Qxe7 42. Rd1 1/2-1/2

[Event "Landsturneringen 2009, Elite"]
[Site "Bergen"]
[Date "2009.07.12"]
[Round "9"]
[White "Lie, Espen"]
[Black "Urkedal, Frode Olav Olsen"]
[Result "1/2-1/2"]
[WhiteElo "2469"]
[BlackElo "2317"]
[PlyCount "130"]
[EventDate "2009.07.??"]
[EventType "swiss"]
[EventRounds "9"]
[EventCountry "NOR"]

1. e4 c5 2. Nf3 d6 3. d4 cxd4 4. Nxd4 Nf6 5. Nc3 a6 6. Be2 e6 7. O-O Be7 8. f4
O-O 9. Be3 Qc7 10. g4 d5 11. exd5 Nxd5 12. Nxd5 exd5 13. Bd3 Nc6 14. Qf3 Bf6
15. Nxc6 Qxc6 16. c3 d4 17. g5 dxe3 18. Qxc6 bxc6 19. gxf6 Bg4 20. Rae1 Rfe8
21. h3 Bxh3 22. Rf3 Bg4 23. Rfxe3 Rxe3 24. Rxe3 gxf6 25. Rg3 h5 26. Bf5 Kh8 27.
Bxg4 Rg8 28. Kf2 hxg4 29. f5 Rg5 30. Ke3 Rxf5 31. Rxg4 Rb5 32. b4 Re5+ 33. Kf3
c5 34. bxc5 Rxc5 35. c4 f5 36. Rh4+ Kg7 37. Ke3 Kf6 38. Kd4 Ra5 39. Rh2 Ke6 40.
Rb2 f4 41. Rb6+ Kf5 42. Rb2 f3 43. c5 Rb5 44. Rc2 Kf4 45. c6 Rb8 46. c7 Rc8 47.
Kd5 Kg3 48. Kc6 f2 49. Rc1 a5 50. Kb7 Re8 51. a4 Kg2 52. Kb6 Rc8 53. Kb7 Re8
54. Kb6 f1=Q 55. Rxf1 Kxf1 56. Kxa5 f5 57. Kb6 f4 58. Kb7 f3 59. c8=Q Rxc8 60.
Kxc8 f2 61. a5 Kg1 62. a6 f1=Q 63. a7 Qa6+ 64. Kb8 Qb6+ 65. Ka8 Qc7 1/2-1/2

[Event "Landsturneringen 2009, Elite"]
[Site "Bergen"]
[Date "2009.07.12"]
[Round "9"]
[White "Hole, Øystein"]
[Black "Hammer, Jon Ludvig"]
[Result "0-1"]
[WhiteElo "2374"]
[BlackElo "2582"]
[PlyCount "62"]
[EventDate "2009.07.??"]
[EventType "swiss"]
[EventRounds "9"]
[EventCountry "NOR"]

1. Nf3 Nf6 2. c4 g6 3. Nc3 d5 4. Qa4+ Bd7 5. Qb3 dxc4 6. Qxc4 a6 7. d4 b5 8.
Qb3 c5 9. dxc5 Bg7 10. g3 Nc6 11. Bg2 Be6 12. Qd1 Qxd1+ 13. Nxd1 Rc8 14. Bd2
Ne4 15. Ng5 Nxg5 16. Bxg5 Nd4 17. Rc1 Bxa2 18. Bf4 Nb3 19. Bb7 Rxc5 20. Bc6+
Kd8 21. Rxc5 Nxc5 22. O-O Ne6 23. Be3 Nd4 24. Be4 Nxe2+ 25. Kg2 f5 26. Bd3 Bd5+
27. Kh3 Bf3 28. Bc5 Bf6 29. Ne3 g5 30. Bxf5 h5 31. Rd1+ Ke8 0-1

[Event "Landsturneringen 2009, Elite"]
[Site "Bergen"]
[Date "2009.07.12"]
[Round "9"]
[White "Bae, Torstein"]
[Black "Thomassen, Joachim"]
[Result "1-0"]
[WhiteElo "2402"]
[BlackElo "2307"]
[PlyCount "61"]
[EventDate "2009.07.??"]
[EventType "swiss"]
[EventRounds "9"]
[EventCountry "NOR"]

1. d4 Nf6 2. c4 g6 3. Nc3 Bg7 4. e4 O-O 5. Bd3 d6 6. Nge2 Nc6 7. O-O e5 8. d5
Nd4 9. Nxd4 exd4 10. Ne2 Re8 11. f3 c5 12. Ng3 Nd7 13. f4 Nf6 14. h3 h5 15. Qf3
h4 16. Nh1 Qe7 17. Bd2 Bd7 18. Rae1 Nh5 19. e5 dxe5 20. fxe5 Rf8 21. g4 hxg3
22. Nxg3 Qh4 23. Nxh5 gxh5 24. Kh2 Rae8 25. Bf5 Bxe5+ 26. Rxe5 Rxe5 27. Bxd7
Qe7 28. Rg1+ Kh8 29. Bf5 Rxf5 30. Qxf5 Qe2+ 31. Rg2 1-0

[Event "Landsturneringen 2009, Elite"]
[Site "Bergen"]
[Date "2009.07.12"]
[Round "9"]
[White "Moen, Andreas G.R"]
[Black "Stokke, Kjetil"]
[Result "1/2-1/2"]
[WhiteElo "2297"]
[BlackElo "2323"]
[PlyCount "59"]
[EventDate "2009.07.??"]
[EventType "swiss"]
[EventRounds "9"]
[EventCountry "NOR"]

1. e4 c5 2. Nf3 g6 3. d4 cxd4 4. Qxd4 Nf6 5. e5 Nc6 6. Qa4 Nd5 7. Qe4 Nb6 8.
Bf4 d5 9. Qd3 Bg7 10. c3 Nc4 11. Na3 Bf5 12. Qe2 Nxa3 13. bxa3 Qa5 14. Qd2 Bg4
15. Nd4 Nxe5 16. Bb5+ Nc6 17. O-O Rc8 18. Bh6 O-O 19. Bxg7 Kxg7 20. Bxc6 bxc6
21. Nb3 Qa4 22. Qd4+ Qxd4 23. cxd4 f6 24. h3 Bf5 25. g4 Bd7 26. Nc5 Rc7 27. Na6
Rcc8 28. Nc5 Rcd8 29. Rfe1 Rfe8 30. Rab1 1/2-1/2

[Event "Landsturneringen 2009, Elite"]
[Site "Bergen"]
[Date "2009.07.12"]
[Round "9"]
[White "Østmoe, Geir Sune Tallaksen"]
[Black "Gullaksen, Eirik"]
[Result "1-0"]
[WhiteElo "2383"]
[BlackElo "2382"]
[PlyCount "71"]
[EventDate "2009.07.??"]
[EventType "swiss"]
[EventRounds "9"]
[EventCountry "NOR"]

1. d4 Nf6 2. c4 g6 3. Nc3 Bg7 4. e4 d6 5. Nf3 O-O 6. Be2 e5 7. O-O Nbd7 8. Be3
Re8 9. d5 Nh5 10. Re1 Bf8 11. Nd2 Ng7 12. Rc1 Be7 13. b4 a6 14. a4 Bg5 15. Bxg5
Qxg5 16. a5 f5 17. c5 Nf6 18. Bf1 Nxe4 19. Ncxe4 fxe4 20. Nxe4 Qd8 21. Qd2 Bf5
22. Qg5 Bxe4 23. Qxd8 Rexd8 24. Rxe4 Rab8 25. c6 b5 26. axb6 Rxb6 27. f4 exf4
28. Re7 Ne8 29. Rce1 Kf8 30. Rd7 Rbb8 31. Bxa6 Nf6 32. Rxc7 Rxb4 33. Ra7 Ra4
34. c7 Rc8 35. Bxc8 Rxa7 36. Bb7 1-0

[Event "Landsturneringen 2009, Elite"]
[Site "Bergen"]
[Date "2009.07.12"]
[Round "9"]
[White "Grønn, Atle"]
[Black "Djurhuus, Rune"]
[Result "1-0"]
[WhiteElo "2415"]
[BlackElo "2440"]
[PlyCount "81"]
[EventDate "2009.07.??"]
[EventType "swiss"]
[EventRounds "9"]
[EventCountry "NOR"]

1. Nf3 Nf6 2. c4 g6 3. g3 Bg7 4. Bg2 O-O 5. d4 d6 6. O-O Nc6 7. Nc3 a6 8. b3
Rb8 9. Nd5 e6 10. Nxf6+ Qxf6 11. Bb2 b5 12. Rc1 Bb7 13. Qd2 Rfc8 14. Rc2 bxc4
15. d5 Ne5 16. Nxe5 dxe5 17. bxc4 Qe7 18. Qa5 f5 19. Ba3 Qd7 20. e4 Rd8 21. Rb1
Ba8 22. Rxb8 Rxb8 23. h4 Rb6 24. c5 Rb1+ 25. Kh2 exd5 26. Qxa6 Rb8 27. c6 Qd8
28. exd5 Bf8 29. Bxf8 Kxf8 30. Qa3+ Qd6 31. Qa7 Rc8 32. Rb2 Qd8 33. Qc5+ Qe7
34. Qa5 e4 35. Qa7 Qd8 36. Qd4 Kf7 37. Rb4 Qd6 38. Qc4 Re8 39. Ra4 e3 40. fxe3
Rxe3 41. Qf4 1-0

[Event "Landsturneringen 2009, Elite"]
[Site "Bergen"]
[Date "2009.07.12"]
[Round "9"]
[White "Hansen, Torbjørn R"]
[Black "Johannessen, Leif E"]
[Result "0-1"]
[WhiteElo "2425"]
[BlackElo "2538"]
[PlyCount "144"]
[EventDate "2009.07.??"]
[EventType "swiss"]
[EventRounds "9"]
[EventCountry "NOR"]

1. e4 e5 2. Nf3 Nc6 3. Bb5 a6 4. Ba4 Nf6 5. O-O Be7 6. Re1 b5 7. Bb3 d6 8. c3
O-O 9. h3 Nb8 10. d4 Nbd7 11. Nbd2 Bb7 12. Bc2 Re8 13. Nf1 Bf8 14. Ng3 g6 15.
b3 Bg7 16. d5 Qe7 17. c4 c6 18. Ba3 Nc5 19. Qd2 a5 20. dxc6 Bxc6 21. cxb5 Bxb5
22. Rad1 Red8 23. Bxc5 dxc5 24. Qc3 Rxd1 25. Rxd1 Nd7 26. Nf1 Nf8 27. Ne3 Ne6
28. Nd5 Qb7 29. Bd3 Bc6 30. Bc4 Nd4 31. Qd3 h6 32. Nc3 Kh7 33. Nd2 f5 34. Bd5
Bxd5 35. Nxd5 a4 36. bxa4 Rxa4 37. Rb1 Qa7 38. Nc3 Ra3 39. Kh2 Qf7 40. Rc1 fxe4
41. Qxe4 Qxf2 42. Nc4 Ra7 43. a4 Rf7 44. Nd1 Qa2 45. Nde3 Qxa4 46. Nd6 Rf4 47.
Qb7 Qb3 48. Nd5 Rf2 49. Qxb3 Nxb3 50. Rb1 Rd2 51. Rxb3 Rxd5 52. Ne4 c4 53. Rb7
Kg8 54. Kg3 h5 55. Rc7 Rd4 56. Kf3 Bh6 57. Nf6+ Kf8 58. Nd7+ Ke7 59. Nb6+ Kd6
60. Rxc4 e4+ 61. Ke2 Rd2+ 62. Kf1 e3 63. Re4 Rf2+ 64. Kg1 Ra2 65. Kf1 Kc5 66.
Na4+ Kd6 67. Nc3 Rf2+ 68. Kg1 Rc2 69. Nb5+ Kd5 70. Re8 Rc1+ 71. Kh2 Bf4+ 72. g3
Be5 0-1

[Event "Landsturneringen 2009, Klasse 1"]
[Site "Bergen"]
[Date "2009.07.04"]
[Round "1"]
[White "Ali, Karim"]
[Black "Andersen, Dag"]
[Result "1/2-1/2"]
[WhiteElo "1664"]
[BlackElo "1732"]
[PlyCount "172"]
[EventDate "2009.07.??"]
[EventType "swiss"]
[EventRounds "9"]
[EventCountry "NOR"]
[SourceDate "2009.07.06"]

1. e4 e6 2. d4 d5 3. e5 c5 4. c3 Nc6 5. Nf3 Bd7 6. Be2 f6 7. O-O Qc7 8. Bf4 f5
9. Na3 c4 10. Nc2 Nge7 11. b3 Ng6 12. Bd2 cxb3 13. axb3 Be7 14. Nce1 O-O 15.
Nd3 b6 16. c4 dxc4 17. bxc4 Nd8 18. Nf4 Nxf4 19. Bxf4 Nf7 20. d5 Bc5 21. d6 Qd8
22. Qd2 a5 23. Ng5 h6 24. Nxf7 Rxf7 25. Bh5 Rf8 26. Bf3 Ra7 27. Be3 Bb4 28. Qd4
Bc5 29. Qd2 Bb4 30. Qd3 Be8 31. Rfb1 Raf7 32. Bh5 Rd7 33. Bxe8 Rxe8 34. Rd1 Rf8
35. Qb3 f4 36. Bd4 Bc5 37. Bxc5 bxc5 38. Qh3 Rf5 39. Re1 Qg5 40. Rxa5 Rxe5 41.
Rd1 Rxd6 42. Rf1 Qg6 43. Qb3 Rd8 44. Qb6 Qd3 45. Raa1 Qd4 46. h4 Rf8 47. Ra7
Re2 48. Qc7 Rc2 49. Qe7 Rxc4 50. Qxe6+ Kh8 51. Rd7 Qe4 52. Re1 Qxe6 53. Rxe6
Rc1+ 54. Kh2 Rc2 55. f3 c4 56. Ree7 Rg8 57. Rf7 c3 58. Rxf4 Re2 59. Rc4 c2 60.
Rdc7 g5 61. Rxc2 Rxc2 62. Rxc2 Kg7 63. Kg3 Rb8 64. hxg5 hxg5 65. Rc4 Kg6 66.
Kg4 Rb6 67. g3 Ra6 68. Rc5 Ra4+ 69. f4 gxf4 70. gxf4 Ra6 71. Rg5+ Kf7 72. Kh5
Ra1 73. Rf5+ Kg7 74. Rc5 Ra6 75. Rg5+ Kf7 76. Rc5 Rb6 77. Kg4 Kf6 78. Rf5+ Kg6
79. Rg5+ Kf6 80. Rc5 Ra6 81. Rc8 Ra5 82. Rc6+ Kf7 83. f5 Ra1 84. Rb6 Rg1+ 85.
Kf4 Rf1+ 86. Kg5 Rg1+ 1/2-1/2

[Event "Landsturneringen 2009, Klasse 1"]
[Site "Bergen"]
[Date "2009.07.04"]
[Round "1"]
[White "Andersen, Harry"]
[Black "Pettersen, Joar Gullestad"]
[Result "0-1"]
[WhiteElo "1774"]
[BlackElo "1940"]
[PlyCount "66"]
[EventDate "2009.07.??"]
[EventType "swiss"]
[EventRounds "9"]
[EventCountry "NOR"]
[SourceDate "2009.07.06"]

1. e4 c5 2. f4 d5 3. e5 Bf5 4. Nf3 e6 5. d4 Nc6 6. Bd3 Bxd3 7. Qxd3 g6 8. Nc3
h5 9. Be3 cxd4 10. Nxd4 Nxd4 11. Bxd4 a6 12. O-O Nh6 13. Na4 Rc8 14. Rad1 b5
15. Nc3 Be7 16. a4 Nf5 17. Bf2 b4 18. Ne2 Qa5 19. b3 Kf8 20. h3 h4 21. Kh2 Kg7
22. Rg1 Rc6 23. Rd2 Rhc8 24. g4 hxg3+ 25. Nxg3 Nh4 26. f5 Rc3 27. f6+ Kh7 28.
fxe7 Nf3+ 29. Qxf3 Rxf3 30. Kg2 Rfc3 31. Rd4 Qc7 32. Rh4+ Kg8 33. Nf5 exf5 0-1

[Event "Landsturneringen 2009, Klasse 1"]
[Site "Bergen"]
[Date "2009.07.04"]
[Round "1"]
[White "Eikeland, Erik"]
[Black "Lilleøren, David"]
[Result "1-0"]
[WhiteElo "1782"]
[BlackElo "1948"]
[PlyCount "133"]
[EventDate "2009.07.??"]
[EventType "swiss"]
[EventRounds "9"]
[EventCountry "NOR"]
[SourceDate "2009.07.06"]

1. d4 Nf6 2. c4 c5 3. d5 b5 4. cxb5 a6 5. b6 Qxb6 6. Nc3 g6 7. Nf3 d6 8. Nd2
Nbd7 9. Nc4 Qb4 10. e3 Ne4 11. Qc2 Nxc3 12. bxc3 Qb7 13. e4 Qc7 14. Be2 Bg7 15.
f4 a5 16. Na3 a4 17. Bb5 O-O 18. Rb1 Nb6 19. O-O Bd7 20. c4 Rfb8 21. Bd2 Bxb5
22. Rxb5 Nd7 23. Rfb1 Rxb5 24. Rxb5 e6 25. Qb1 Ra7 26. dxe6 Bd4+ 27. Kh1 fxe6
28. f5 Kf7 29. Bh6 Qc6 30. Qd3 exf5 31. exf5 Rb7 32. Qe2 Be5 33. fxg6+ hxg6 34.
Qc2 Ra7 35. Rb1 d5 36. Rf1+ Nf6 37. Qe2 Qe6 38. Re1 Re7 39. cxd5 Qxd5 40. Nc4
Bd6 41. Nxd6+ Qxd6 42. Qc4+ Qd5 43. Rxe7+ Kxe7 44. Qxa4 Ne4 45. Qc2 Qd4 46. g3
c4 47. Kg2 Ke6 48. Kf3 Kd5 49. h4 Qc3+ 50. Qxc3 Nxc3 51. a3 Kd4 52. g4 Kd3 53.
h5 gxh5 54. gxh5 Ne4 55. Bc1 Nf6 56. h6 Kc2 57. Bg5 Nh7 58. Be3 Kb3 59. Ke4
Kxa3 60. Kf5 Kb2 61. Kg6 Nf8+ 62. Kf7 Nh7 63. Kg7 c3 64. Kxh7 Kc2 65. Bd4 Kd3
66. Bxc3 Kxc3 67. Kg7 1-0

[Event "Landsturneringen 2009, Klasse 1"]
[Site "Bergen"]
[Date "2009.07.04"]
[Round "1"]
[White "Einarsen, Kenneth"]
[Black "Boger, Raymond"]
[Result "1-0"]
[WhiteElo "1850"]
[BlackElo "1762"]
[PlyCount "71"]
[EventDate "2009.07.??"]
[EventType "swiss"]
[EventRounds "9"]
[EventCountry "NOR"]
[SourceDate "2009.07.06"]

1. e4 c5 2. d4 cxd4 3. c3 d3 4. c4 g6 5. Bxd3 Bg7 6. Nc3 Nc6 7. Nf3 d6 8. h3
Nf6 9. Be3 O-O 10. Qd2 Qa5 11. Bh6 Bxh6 12. Qxh6 Ne5 13. Nxe5 Qxe5 14. Qe3 Nd7
15. O-O-O Nc5 16. Nd5 f5 17. exf5 Nxd3+ 18. Rxd3 gxf5 19. Nxe7+ Kf7 20. Nd5 b5
21. Qxe5 dxe5 22. cxb5 Rb8 23. a4 Rg8 24. g3 Be6 25. Nb4 Rbc8+ 26. Rc3 Kf6 27.
Re1 Bb3 28. a5 Rgd8 29. Nc6 Rd5 30. Rxb3 a6 31. Kb1 axb5 32. Nxe5 Rxe5 33. Rxe5
Kxe5 34. Rxb5+ Ke4 35. a6 Ra8 36. Ra5 1-0